Štátna moc a slobodný trh Vo fungujúcom trhovom systéme všetky subjekty presadzujú vlastné záujmy racionálnym spôsobom

Slovensko potrebuje demokratický spoločenský mechanizmus , ktorý by sa usiloval o dosiahnutie harmónie v konaní reprezentantov vládnej moci a trhového systému.

Na minha lista:
Detalhes bibliográficos
Autor principal: Lisý, Ján
Formato: Capítulo de Livro
Idioma:eslovaco
Assuntos:
Tags: Adicionar Tag
Sem tags, seja o primeiro a adicionar uma tag!

MARC

LEADER 00000naa a2200000 4500
001 r014217
005 20221213123536.9
041 0 |a slo 
044 |a SK 
245 1 0 |a Štátna moc a slobodný trh  |b Vo fungujúcom trhovom systéme všetky subjekty presadzujú vlastné záujmy racionálnym spôsobom  |c Ján Lisý 
520 |a Slovensko potrebuje demokratický spoločenský mechanizmus , ktorý by sa usiloval o dosiahnutie harmónie v konaní reprezentantov vládnej moci a trhového systému. 
610 2 0 |a trh 
610 2 0 |a hospodárstvo trhové 
610 2 0 |a štát 
610 2 0 |a regulácia štátna 
100 1 |a Lisý, Ján